000 00755nam a2200265 i 4500
001 C2-0341024
003 PPAK
005 20180728142817.0
008 170221s2013 my a|||| ||||| | may d
020 _a9789675009747
040 _aPPAK
_beng
_cPPAK
_erda
082 0 4 _a899.233
_223
090 0 0 _a899.233
_bRUS
_dG
100 0 _aRuslan Ngah,
_eauthor
245 1 0 _aKembalilah perwiraku
264 1 _aShah Alam, Selangor :
_bEdaran Menara Ilmu ,
_c2013
300 _a193 pages :
_billustrations ;
_c20 cm
336 _2rdacontent
_atext
337 _2rdamedia
_aunmediated
338 _2rdacarrier
_avolume
490 1 _aHimpunan novel seindah pelangi
650 1 0 _aMalay fiction.
830 0 _aHimpunan novel seindah pelangi
942 _ddc
_cB
999 _c138139
_d138139